00625nam a2200205Ia 4500003000400000005001700004008004100021020002900062040001700091082002200108100003000130245011700160250001100277260002500288300002500313500001900338650001700357700002800374700001700402IIN20250526130821.0250526s2022 xx ad 001 0 eng d cRs.795.00a9789390619856 aIINbEnglish a615.1 bPAT1 aPathania, Joginder Singh 1 aTextbook of Pharmacology for Bsc Nursing Students/cJoginder Singh Pathania , Rupendra Kumar Bharti & Vikas Sood a2nd ed aNew DelhibCBSc2024 axxi,615p.bcol. ill. aIncludes Index1 aPharmacology1 aBharti, Rupendra Kumar 1 aSood, Vikas